000 00851nas a2200277 4500
001 BR2010001879
003 BR-BrBNA
005 20231205114019.0
007 ta
008 230509b bl.|||p| |||| 00| 00por d
040 _aBR-BrBNA
_bpor
_cBiblioteca Nacional de Agricultura
041 _a(Pt)
072 _aP35
100 1 _aSilva, S. de A.
100 1 _aLima, J.S. de S.
100 1 _aSouza, G.S. de
100 1 _aOliveira, R.B. de
100 1 _aXavier, A.C.
245 1 _aLógica fuzzy na avaliação da fertilidade do solo e produtividade do café conilon
650 _aCAFÉ
650 _aFERTILIDADE DO SOLO
650 _aMODELO MATEMÁTICO
773 0 _tRevista Ciência Agronômica (Brazil)
_xISSN 0045-6888
_g(Jan-Mar 2010), v. 41(1) p. 9-17
_wBR2010001879
909 _a202311
_bLúcia
_c55
_dLúcia Elande
942 _2AGRIS
_n0
_cANA
999 _c206721
_d206721